00569nam a22001692 4500001001100000005001700011008004100028020001700069040001500086245010100101250001300202260005300215300001700268650007700285700003400362852000300396000001294820151217154415.0090513s xx 000 0 eng d a0131700820 : aKABUcKABU10aApplying counseling theories :ban online case-based approach /c[compiled by] Aaron B. Rochlen. a1st ed. aUpper Saddle River, NJ. :bPrentice Hall,c2007. axix, 279 p. 0aPsychoanalysisxCase studiesxComputer-assisted instruction.@00001699691 aRochlen, Aaron B.@00001699701